[Event "VI Festival A"]
[Site "Trieste ITA"]
[Date "2004.09.11"]
[Round "8"]
[White "Toth, Andras"]
[Black "Pechy, Alaster"]
[Result "1-0"]
[WhiteElo "2082"]
[BlackElo "2138"]
[PlyCount "101"]
[EventDate "2004.09.04"]

1. e4 c5 2. Nf3 Nc6 3. d4 cxd4 4. Nxd4 Nf6 5. Nc3 e5 6. Ndb5 d6 7. Bg5 a6 8.
Na3 b5 9. Nd5 Be7 10. Bxf6 Bxf6 11. c3 Bg5 12. Nc2 Rb8 13. a4 bxa4 14. Ncb4 Bd7
15. Bxa6 Nxb4 16. cxb4 O-O 17. O-O Bc6 18. Rxa4 Bxa4 19. Qxa4 f5 20. exf5 Rxf5
21. Bd3 Rf7 22. b5 Qf8 23. h4 Bf4 24. h5 g6 25. Qc4 Kh8 26. hxg6 hxg6 27. g3
Rh7 28. Bxg6 Qg7 29. Bxh7 Bxg3 30. Qe4 Bf4+ 31. Bg6 Qh6 32. Nxf4 exf4 33. Qd4+
Kg8 34. Qf6 Qg7 35. Qxg7+ Kxg7 36. Bd3 Kf6 37. Re1 Rg8+ 38. Kf1 d5 39. Ke2 Ke5
40. Rc1 Kd4 41. Bf5 f3+ 42. Kxf3 Rf8 43. Kg4 Rg8+ 44. Kh5 Rf8 45. Kg6 Rf6+ 46.
Kg5 Rf8 47. b6 Ke5 48. f4+ Kd6 49. b7 Rb8 50. Bc8 d4 51. f5 1-0

[Event "VI Festival A"]
[Site "Trieste ITA"]
[Date "2004.09.12"]
[Round "9"]
[White "Battisti, Eugenio"]
[Black "Nedimovic, Ljubisa"]
[Result "1/2-1/2"]
[WhiteElo "2000"]
[BlackElo "2200"]
[PlyCount "70"]
[EventDate "2004.09.04"]

1. e4 e6 2. d4 d5 3. Nd2 Nf6 4. e5 Nfd7 5. c3 c5 6. Bd3 Nc6 7. Ndf3 f6 8. exf6
Nxf6 9. Ne2 cxd4 10. cxd4 Bd6 11. O-O Qc7 12. Bg5 O-O 13. Bh4 Nh5 14. Bg3 Nxg3
15. Nxg3 g6 16. a3 Qg7 17. Bc2 Bc7 18. Rc1 Bb6 19. Ne2 Rxf3 20. gxf3 Nxd4 21.
Nxd4 Bxd4 22. Bb3 Bxb2 23. Rc2 Be5 24. Re1 Bd7 25. Bxd5 Re8 26. f4 Bxf4 27. Qg4
Qh6 28. Bxe6+ Bxe6 29. Rxe6 Qxh2+ 30. Kf1 Rf8 31. Re7 Bh6 32. Qc4+ Kh8 33. Qd4+
Kg8 34. Rcc7 Qh1+ 35. Ke2 Qf3+ 1/2-1/2

[Event "VI Festival A"]
[Site "Trieste ITA"]
[Date "2004.09.12"]
[Round "9"]
[White "Chiandussi, Livio"]
[Black "Laco, Giuseppe"]
[Result "0-1"]
[WhiteElo "1515"]
[BlackElo "2107"]
[PlyCount "66"]
[EventDate "2004.09.04"]

1. d4 g6 2. c4 Bg7 3. Nc3 f5 4. Bg5 b6 5. h4 h6 6. Bf4 Bb7 7. e3 e6 8. Nf3 d6
9. Qc2 Qe7 10. Bd3 e5 11. dxe5 dxe5 12. Nxe5 Bxe5 13. Bxe5 Qxe5 14. O-O-O Ne7
15. Rhe1 Na6 16. Bf1 O-O 17. Rd7 Bc6 18. Rd2 Nc5 19. f3 a5 20. e4 Rad8 21. Red1
Rxd2 22. Qxd2 f4 23. Nd5 Nc8 24. Be2 Kh7 25. Rg1 Nd6 26. Nxc7 Ndxe4 27. fxe4
Nxe4 28. Qe1 Ng3 29. Bf3 Qxc7 30. Bxc6 Qxc6 31. Qe7+ Kg8 32. Rd1 Qxc4+ 33. Kb1
Qe4+ 0-1

[Event "VI Festival A"]
[Site "Trieste ITA"]
[Date "2004.09.12"]
[Round "9"]
[White "Costariol, Elena"]
[Black "Spinetti, Paolo"]
[Result "1-0"]
[WhiteElo "1554"]
[BlackElo "2162"]
[PlyCount "44"]
[EventDate "2004.09.04"]

1. e4 e6 2. d4 d5 3. Nc3 Bb4 4. e5 c5 5. a3 Ba5 6. b4 cxb4 7. Nb5 bxa3+ 8. Bd2
Bc7 9. Qg4 Kf8 10. Bb4+ Ne7 11. Bxa3 a6 12. Nd6 Ba5+ 13. Kd1 Bd7 14. Nxb7 Qb6
15. Nxa5 Nbc6 16. Nb3 Ke8 17. Nf3 Nf5 18. Qg5 h6 19. Qd2 f6 20. exf6 gxf6 21.
Bc5 Qb7 22. Bd3 Nd6 1-0

[Event "VI Festival A"]
[Site "Trieste ITA"]
[Date "2004.09.12"]
[Round "9"]
[White "De Poi, Paolo"]
[Black "Golubovic, Boris"]
[Result "0-1"]
[WhiteElo "2223"]
[BlackElo "2428"]
[PlyCount "124"]
[EventDate "2004.09.04"]

1. Nf3 d5 2. b4 Bg4 3. Bb2 Nd7 4. a3 Bxf3 5. gxf3 Ngf6 6. e3 g6 7. c4 c6 8. Qb3
Bg7 9. Nc3 e6 10. f4 O-O 11. cxd5 cxd5 12. Rc1 Rc8 13. Bg2 Nb6 14. Ne2 Rxc1+
15. Bxc1 Qd7 16. O-O Rc8 17. Qb1 Ne8 18. Nc3 Nd6 19. Bf3 Nf5 20. Bg4 Nd6 21.
Bf3 Na4 22. Nxa4 Qxa4 23. Bd1 Qc6 24. Bb3 Qb5 25. Re1 Nf5 26. f3 Nh4 27. Bd1 d4
28. Be2 Qb6 29. Kh1 h5 30. Rf1 Qc7 31. Bb2 Qc2 32. Bd3 Qxb1 33. Bxb1 dxe3 34.
Bxg7 e2 35. Re1 Kxg7 36. Be4 b6 37. Kg1 Kf6 38. Kf2 Nf5 39. Kxe2 Nd4+ 40. Kf2
Ke7 41. Rb1 Kd6 42. Re1 Nb5 43. Ra1 Rc7 44. Ke3 Ke7 45. Bd3 Nd6 46. Kf2 Ne8 47.
Ke2 Nf6 48. Be4 Kd6 49. Kd3 Ng8 50. Kd4 Ne7 51. b5 Rc5 52. a4 g5 53. Ke3 g4 54.
d4 Rc8 55. fxg4 hxg4 56. Kd3 f5 57. Bg2 Ng6 58. Rf1 Rh8 59. Bc6 Rxh2 60. Be8
Ne7 61. Bf7 Nd5 62. Be8 Ra2 0-1

[Event "VI Festival A"]
[Site "Trieste ITA"]
[Date "2004.09.12"]
[Round "9"]
[White "Devetak, Robert"]
[Black "Brecevich, Andrea"]
[Result "1-0"]
[WhiteElo "1488"]
[BlackElo "1897"]
[PlyCount "32"]
[EventDate "2004.09.04"]

1. e4 c5 2. Nf3 d6 3. d4 Nf6 4. Nc3 Bg4 5. dxc5 Bxf3 6. Qxf3 dxc5 7. e5 Nfd7 8.
Qxb7 Nb6 9. Be3 e6 10. Nb5 Be7 11. Nc7+ Kf8 12. Nxa8 Nd5 13. O-O-O Nd7 14. Qxa7
N7b6 15. Nxb6 Qxb6 16. Qxb6 Nxb6 1-0

[Event "VI Festival A"]
[Site "Trieste ITA"]
[Date "2004.09.12"]
[Round "9"]
[White "Grudina, Marco"]
[Black "Plani, Andrea"]
[Result "1-0"]
[WhiteElo "1769"]
[BlackElo "1706"]
[PlyCount "45"]
[EventDate "2004.09.04"]

1. e4 d6 2. d4 Nf6 3. Nc3 g6 4. Nf3 Bg7 5. Be2 c5 6. dxc5 Qa5 7. cxd6 Nxe4 8.
dxe7 Nxc3 9. bxc3 Bxc3+ 10. Bd2 Kxe7 11. O-O Re8 12. Re1 Kf8 13. Bxc3 Qxc3 14.
Qd6+ Kg7 15. Bd3 Rxe1+ 16. Rxe1 Be6 17. Rxe6 fxe6 18. Qe7+ Kh6 19. Qg5+ Kg7 20.
Qe7+ Kh6 21. g4 Qh8 22. g5+ Kh5 23. Qxe6 1-0

[Event "VI Festival A"]
[Site "Trieste ITA"]
[Date "2004.09.12"]
[Round "9"]
[White "Jurkovic, Hrvoje"]
[Black "Bednarich, Jan"]
[Result "1-0"]
[WhiteElo "2432"]
[BlackElo "2198"]
[PlyCount "59"]
[EventDate "2004.09.04"]

1. e4 c5 2. c3 Nf6 3. e5 Nd5 4. d4 cxd4 5. Nf3 Nc6 6. cxd4 d6 7. Bc4 e6 8. O-O
Be7 9. Qe2 O-O 10. Qe4 Re8 11. Re1 Ncb4 12. a3 Nb6 13. Bb5 d5 14. Qe2 Nc6 15.
Nc3 Bd7 16. Bd3 a5 17. g3 a4 18. h4 Nc4 19. Bg5 h6 20. Bf4 Bf8 21. Rad1 Qa5 22.
Bxc4 dxc4 23. Ne4 Be7 24. Nh2 c3 25. bxc3 Bxa3 26. Bxh6 Kf8 27. Bg5 b5 28. Qh5
Ne7 29. Qh8+ Ng8 30. Nf6 1-0

[Event "VI Festival A"]
[Site "Trieste ITA"]
[Date "2004.09.12"]
[Round "9"]
[White "Pasquotto, Mirko"]
[Black "Bevilacqua, Andrea"]
[Result "0-1"]
[WhiteElo "1778"]
[BlackElo "1736"]
[PlyCount "64"]
[EventDate "2004.09.04"]

1. e4 d6 2. d4 Nf6 3. Nc3 g6 4. Nf3 Bg7 5. Be2 O-O 6. O-O Nbd7 7. Be3 e5 8. d5
h6 9. Nd2 Nh7 10. Nb3 f5 11. f3 f4 12. Bf2 Ndf6 13. a4 g5 14. a5 a6 15. Na4 h5
16. c4 g4 17. Bh4 Qe8 18. c5 Qg6 19. cxd6 cxd6 20. Nb6 Rb8 21. Nxc8 Rbxc8 22.
Rc1 gxf3 23. Bxf3 Ng4 24. Bf2 Nhf6 25. h3 Bh6 26. Qe2 Ne3 27. Bxe3 fxe3 28. Rc3
Rxc3 29. bxc3 Bf4 30. Qe1 Nxe4 31. Qh4 Ng3 32. Re1 Qc2 0-1

[Event "VI Festival A"]
[Site "Trieste ITA"]
[Date "2004.09.12"]
[Round "9"]
[White "Pechy, Alaster"]
[Black "Padjen, Zdenko"]
[Result "1-0"]
[WhiteElo "2138"]
[BlackElo "2099"]
[PlyCount "87"]
[EventDate "2004.09.04"]

1. d4 Nf6 2. c4 g6 3. Nc3 d5 4. cxd5 Nxd5 5. e4 Nxc3 6. bxc3 Bg7 7. Bc4 c5 8.
Be3 O-O 9. Ne2 cxd4 10. cxd4 Nc6 11. Rc1 Bd7 12. h4 Na5 13. Bd3 Rc8 14. h5 Rxc1
15. Qxc1 Qc8 16. h6 Qxc1+ 17. Bxc1 Bh8 18. Bd2 Nc6 19. Bc3 Rc8 20. Kd2 e5 21.
d5 Nd4 22. Bxd4 exd4 23. f4 Bf6 24. Rc1 Rxc1 25. Kxc1 Bg4 26. g3 Bxe2 27. Bxe2
Be7 28. e5 Bb4 29. Kd1 Kf8 30. Bc4 f6 31. Ke2 a6 32. a4 f5 33. Kf3 Ke8 34. d6
Kf8 35. g4 fxg4+ 36. Kxg4 Bd2 37. Bd3 Kf7 38. Bc4+ Kf8 39. Kf3 Bc1 40. Ke4 Bd2
41. e6 Bb4 42. Ke5 Bd2 43. e7+ Ke8 44. Ke6 1-0

[Event "VI Festival A"]
[Site "Trieste ITA"]
[Date "2004.09.12"]
[Round "9"]
[White "Punteri, Marco"]
[Black "Moratto, Davide"]
[Result "1-0"]
[WhiteElo "2051"]
[BlackElo "1759"]
[PlyCount "123"]
[EventDate "2004.09.04"]

1. d4 Nf6 2. c4 d6 3. Nc3 g6 4. e4 Bg7 5. f3 O-O 6. Be3 e5 7. d5 Nbd7 8. Qd2
Nh5 9. O-O-O Re8 10. Nge2 a6 11. Kb1 Rb8 12. Nc1 Nf8 13. Nb3 Bd7 14. Rc1 f5 15.
Bd3 b5 16. c5 fxe4 17. fxe4 b4 18. Ne2 Bc8 19. Na5 Qd7 20. Nc6 Ra8 21. Qxb4
dxc5 22. Qb3 Kh8 23. Rhf1 a5 24. Bxc5 a4 25. Qb4 Ne6 26. Be3 Nef4 27. Nxf4 Nxf4
28. Bb5 Ba6 29. Bxa6 Rxa6 30. Qc4 Raa8 31. g3 Nh5 32. Rf2 Nf6 33. Bc5 h6 34.
Rcf1 Qg4 35. Rxf6 Bxf6 36. Rxf6 Qd1+ 37. Qc1 Qd3+ 38. Qc2 Qb5 39. Rxg6 Qf1+ 40.
Qc1 Qxc1+ 41. Kxc1 Kh7 42. Rf6 a3 43. bxa3 Ra4 44. Bb4 Kg7 45. Rf5 Kg6 46. Kd2
h5 47. Ke3 h4 48. gxh4 Kh6 49. Rf8 Rxf8 50. Bxf8+ Kh5 51. Nxe5 Kxh4 52. Bb4 Kh3
53. Kd4 Kxh2 54. Kc5 Kg3 55. Nc4 Kg4 56. e5 Ra8 57. Kc6 Kf5 58. Kxc7 Ke4 59. e6
Ra7+ 60. Kc6 Kf5 61. e7 Ra8 62. e8=Q 1-0

[Event "VI Festival A"]
[Site "Trieste ITA"]
[Date "2004.09.12"]
[Round "9"]
[White "Stantic, Severino"]
[Black "Arcion, Riccardo"]
[Result "1-0"]
[WhiteElo "2100"]
[BlackElo "1970"]
[PlyCount "81"]
[EventDate "2004.09.04"]

1. c4 f5 2. Nc3 Nf6 3. g3 e5 4. Bg2 Nc6 5. e3 Be7 6. d3 O-O 7. Nge2 d6 8. Rb1
a5 9. a3 Be6 10. Qb3 Rb8 11. O-O Kh8 12. d4 Bd7 13. Qc2 Qc8 14. b4 axb4 15.
axb4 Nd8 16. Bb2 Nf7 17. Rfd1 Qe8 18. Ra1 e4 19. Nf4 g5 20. Nfd5 Bd8 21. Nxf6
Bxf6 22. Nd5 Bd8 23. g4 c6 24. Nc3 Nh6 25. gxf5 Bxf5 26. Bxe4 Qh5 27. Bxf5 Nxf5
28. Qe2 g4 29. Ne4 Nh4 30. d5+ Kg8 31. Ng3 Qg6 32. Kf1 Nf3 33. Qd3 Nxh2+ 34.
Ke2 Qf7 35. Ne4 Nf3 36. Rh1 h5 37. Nxd6 Ng1+ 38. Raxg1 Qxf2+ 39. Kd1 Qf3+ 40.
Kc1 Rf6 41. Rf1 1-0

[Event "VI Festival A"]
[Site "Trieste ITA"]
[Date "2004.09.12"]
[Round "9"]
[White "Tonel, Giulia"]
[Black "Buzzurro, Mario"]
[Result "1-0"]
[WhiteElo "1670"]
[BlackElo "1700"]
[PlyCount "134"]
[EventDate "2004.09.04"]

1. e4 e6 2. d4 d5 3. Nd2 Ne7 4. e5 Nf5 5. Ndf3 c5 6. c3 h5 7. Bd3 Nc6 8. Ne2
Qb6 9. Bxf5 exf5 10. Nf4 Be6 11. O-O O-O-O 12. Ng5 Re8 13. Ngxe6 fxe6 14. Ng6
Rh7 15. Nxf8 Rxf8 16. dxc5 Qxc5 17. Re1 f4 18. Qd3 Rf5 19. b4 Qe7 20. Bxf4 g5
21. Be3 Nxe5 22. Qc2 b6 23. a4 Rhf7 24. a5 b5 25. Rad1 Ng4 26. Qe2 a6 27. Bc5
Qc7 28. Qxe6+ Kb7 29. Bd6 Qd7 30. Qxd7+ Rxd7 31. Bc5 Rf6 32. f3 Nh6 33. Re5 Kc6
34. Rxg5 h4 35. Re5 Nf5 36. Kf2 Ng7 37. Rde1 Rh6 38. R1e3 Rf6 39. g3 hxg3+ 40.
hxg3 d4 41. Bxd4 Rdd6 42. Rc5+ Kd7 43. Bxf6 Rxf6 44. f4 Nf5 45. Rd3+ Nd6 46.
Kf3 Rh6 47. f5 Rh1 48. Rcd5 Rh6 49. Kf4 Ke7 50. g4 Nf7 51. Re3+ Kf8 52. Rd7 Rh1
53. Ree7 Rf1+ 54. Kg3 Ng5 55. Ra7 Rf3+ 56. Kh4 Nh3 57. Reb7 Re3 58. Rb8+ Re8
59. Rxe8+ Kxe8 60. Kxh3 Kf8 61. Kh4 Ke8 62. Kg5 Kd8 63. Kf6 Kc8 64. Ke6 Kb8 65.
Rh7 Kc8 66. Kd6 Kb8 67. Kc6 Ka8 1-0

[Event "VI Festival A"]
[Site "Trieste ITA"]
[Date "2004.09.12"]
[Round "9"]
[White "Varini, Massimo"]
[Black "Drazic, Sinisa"]
[Result "0-1"]
[WhiteElo "2061"]
[BlackElo "2461"]
[PlyCount "112"]
[EventDate "2004.09.04"]

1. e4 e5 2. Nf3 Nc6 3. Bc4 Nf6 4. d3 h6 5. h3 d6 6. c3 a6 7. Bb3 g6 8. O-O Bg7
9. Nbd2 O-O 10. Re1 Kh7 11. Nf1 Na5 12. Bc2 c5 13. Ne3 Nc6 14. Nh2 Be6 15. Nhg4
Ng8 16. Bb3 Bd7 17. Nd5 f5 18. Nge3 f4 19. Nc4 Be6 20. Ncb6 Rb8 21. Bc4 h5 22.
f3 Nh6 23. Bd2 g5 24. Kf2 g4 25. hxg4 Qh4+ 26. Ke2 Qh2 27. Rf1 hxg4 28. Be1
Qxg2+ 29. Rf2 Qh3 30. Kd2 g3 31. Re2 Nf7 32. Kc2 Ng5 33. Rd2 Qh1 34. Rc1 Nxf3
35. Re2 Bg4 36. Kb1 Qh5 37. Qa4 Nxe1 38. Rexe1 g2 39. Rg1 f3 40. Ne3 Bh6 41.
Nbd5 Bh3 42. d4 cxd4 43. cxd4 exd4 44. Nf5 Rxf5 45. exf5 Bxf5+ 46. Ka1 Bxc1 47.
Nf6+ Kh6 48. Nxh5 Be3 49. Ng3 Bxg1 50. Nxf5+ Kg5 51. Nxd6 Be3 52. Qd1 Kf4 53.
a3 g1=Q 54. Bf1 Ne5 55. Ka2 Qg8+ 56. b3 Qg1 0-1

[Event "VI Festival A"]
[Site "Trieste ITA"]
[Date "2004.09.12"]
[Round "9"]
[White "Videki, Sandor"]
[Black "Toth, Andras"]
[Result "1/2-1/2"]
[WhiteElo "2409"]
[BlackElo "2082"]
[PlyCount "40"]
[EventDate "2004.09.04"]

1. e4 c5 2. Nf3 Nc6 3. d4 cxd4 4. Nxd4 Nf6 5. Nc3 d6 6. Bg5 e6 7. Qd2 a6 8.
O-O-O Bd7 9. f3 Be7 10. Kb1 Qc7 11. h4 h6 12. Be3 h5 13. Bd3 Ne5 14. Bg5 Rc8
15. f4 Nxd3 16. cxd3 b5 17. Rc1 Qb6 18. Nf3 Ng4 19. Bxe7 Kxe7 20. e5 d5 1/2-1/2

[Event "VI Festival A"]
[Site "Trieste ITA"]
[Date "2004.09.12"]
[Round "9"]
[White "Zorat, Paolo"]
[Black "Oblak, Mitja"]
[Result "1/2-1/2"]
[WhiteElo "2000"]
[BlackElo "1556"]
[PlyCount "115"]
[EventDate "2004.09.04"]

1. d4 d5 2. c4 c6 3. Nf3 Nf6 4. Nc3 e6 5. Bg5 Be7 6. e3 Nbd7 7. Qc2 O-O 8. Rd1
a5 9. Bd3 dxc4 10. Bxc4 b5 11. Bd3 Qb6 12. O-O Ba6 13. Bxh7+ Kh8 14. Bd3 b4 15.
Na4 Bxd3 16. Qxd3 Qb5 17. Qc2 Rfc8 18. Rc1 c5 19. Bxf6 gxf6 20. b3 cxd4 21.
Qxc8+ Rxc8 22. Rxc8+ Kg7 23. Nxd4 Qb7 24. Rfc1 Bd6 25. R8c6 Be5 26. Nc5 Nxc5
27. R1xc5 Bxd4 28. exd4 Qd7 29. d5 exd5 30. Rc1 d4 31. R6c2 a4 32. Rd2 axb3 33.
axb3 Qd5 34. Rd3 Qe4 35. Rcd1 Qd5 36. f3 f5 37. Kf2 Kf6 38. g3 Kg5 39. Rc1 f4
40. h4+ Kg6 41. g4 Qa5 42. Rc6+ Kg7 43. Rc2 Qa1 44. h5 Qb1 45. Rcd2 Qh1 46. Rd1
Qh2+ 47. Ke1 Qg1+ 48. Kd2 Qf2+ 49. Kc1 Qa2 50. R1d2 Qa1+ 51. Kc2 Qa2+ 52. Kd1
Qb1+ 53. Ke2 Qg1 54. Rd1 Qg2+ 55. Ke1 Qg1+ 56. Kd2 Qf2+ 57. Kc1 Qa2 58. R1d2
1/2-1/2

[Event "IX Festival A"]
[Site "Cesenatico ITA"]
[Date "2004.09.04"]
[Round "1"]
[White "Altea, Giovanni"]
[Black "Gaiba, Paolo"]
[Result "0-1"]
[WhiteElo "1778"]
[BlackElo "2145"]
[PlyCount "44"]
[EventDate "2004.09.04"]

1. c4 e5 2. Nc3 f5 3. d4 exd4 4. Qxd4 Nc6 5. Qd1 Nf6 6. g3 Bb4 7. Bd2 O-O 8.
Bg2 d6 9. a3 Bc5 10. e3 Be6 11. b3 Ne5 12. Bc1 Ne4 13. Nxe4 fxe4 14. Bxe4 Qf6
15. Ra2 c6 16. h3 Rad8 17. f4 d5 18. cxd5 Bxd5 19. Bxd5+ Rxd5 20. Qc2 Nd3+ 21.
Kf1 Qe6 22. Qc4 Re8 0-1

[Event "IX Festival A"]
[Site "Cesenatico ITA"]
[Date "2004.09.04"]
[Round "1"]
[White "Areklett, Ivar"]
[Black "Salerni, Guido"]
[Result "1-0"]
[WhiteElo "2105"]
[BlackElo "1691"]
[PlyCount "41"]
[EventDate "2004.09.04"]

1. e4 d6 2. d4 Nf6 3. Nc3 g6 4. Bg5 Nbd7 5. Qd2 c6 6. f4 Qa5 7. Nf3 Bg7 8. Bd3
b5 9. O-O h6 10. Bh4 Qb6 11. Kh1 a5 12. Rae1 a4 13. e5 dxe5 14. dxe5 Nd5 15. e6
N7f6 16. exf7+ Kxf7 17. Ne5+ Ke8 18. Nxg6 Rg8 19. Nxd5 Nxd5 20. Nxe7 Nxe7 21.
Bg6+ 1-0

[Event "IX Festival A"]
[Site "Cesenatico ITA"]
[Date "2004.09.04"]
[Round "1"]
[White "Battaglia, Edoardo"]
[Black "Vuelban, Virgilio"]
[Result "1/2-1/2"]
[WhiteElo "1877"]
[BlackElo "2306"]
[PlyCount "77"]
[EventDate "2004.09.04"]

1. e4 e6 2. d4 d5 3. exd5 exd5 4. Nf3 Bd6 5. c4 dxc4 6. Bxc4 Nf6 7. O-O O-O 8.
Nc3 Bg4 9. Qd3 Nc6 10. a3 Ne7 11. Bg5 Bf5 12. Qe2 Ng6 13. Nd5 Re8 14. Qd1 Be4
15. Bxf6 gxf6 16. Qb3 b5 17. Qxb5 Bxf3 18. gxf3 Kh8 19. Ne3 f5 20. Nxf5 Nh4 21.
Nxd6 Nxf3+ 22. Kg2 Nh4+ 23. Kh1 Qxd6 24. Qg5 Qxh2+ 25. Kxh2 Nf3+ 26. Kh1 Nxg5
27. f4 Ne6 28. Rad1 Rad8 29. d5 Nc5 30. Rfe1 Kg8 31. Kg2 Re4 32. Rxe4 Nxe4 33.
Kf3 Nd6 34. Ba2 h5 35. Rc1 Ne8 36. Bb3 Kf8 37. Ba4 Rxd5 38. Bxe8 Kxe8 39. Rxc7
1/2-1/2

[Event "IX Festival A"]
[Site "Cesenatico ITA"]
[Date "2004.09.04"]
[Round "1"]
[White "Bentivegna, Francesco"]
[Black "Del Nevo, Claudio"]
[Result "1-0"]
[WhiteElo "2250"]
[BlackElo "1941"]
[PlyCount "56"]
[EventDate "2004.09.04"]

1. e4 d6 2. d4 Nf6 3. Nc3 g6 4. f4 Bg7 5. Nf3 O-O 6. Be3 Na6 7. e5 dxe5 8. dxe5
Qxd1+ 9. Rxd1 Ng4 10. Bg1 c6 11. h3 Nh6 12. Bf2 Nc7 13. Be2 b6 14. g4 Ba6 15.
Rd7 Bxe2 16. Kxe2 Ne6 17. Be3 Rfe8 18. Rhd1 Kf8 19. Ne4 Ng8 20. f5 gxf5 21.
gxf5 Nd8 22. Kf2 h6 23. Rc7 c5 24. a4 f6 25. e6 h5 26. Rg1 Bh6 27. Rxg8+ Kxg8
28. Bxh6 Kh7 1-0

[Event "IX Festival A"]
[Site "Cesenatico ITA"]
[Date "2004.09.04"]
[Round "1"]
[White "Bonacci, Mauro"]
[Black "Maddaloni, Giovanni"]
[Result "1-0"]
[WhiteElo "2204"]
[BlackElo "1849"]
[PlyCount "67"]
[EventDate "2004.09.04"]

1. e4 Nc6 2. d4 d6 3. d5 Nb8 4. g3 c5 5. c4 g6 6. Bg2 Bg7 7. Ne2 Nf6 8. Nbc3 a6
9. a4 Nbd7 10. f4 O-O 11. O-O Ne8 12. Qd3 Nb8 13. Be3 e5 14. dxe6 fxe6 15. Bxc5
Nc6 16. Be3 Nb4 17. Qd2 a5 18. Rad1 Ra6 19. Kh1 Qf6 20. Nb5 h5 21. h4 Kh7 22.
Nec3 Qe7 23. Qe2 Nf6 24. Nxd6 Ng4 25. e5 Bd7 26. Nce4 Bc6 27. b3 Raa8 28. Bd2
Nh6 29. Bxb4 axb4 30. Ng5+ Kg8 31. Bxc6 bxc6 32. Qe4 Rf5 33. Qxc6 Raf8 34. Nxf5
1-0

[Event "IX Festival A"]
[Site "Cesenatico ITA"]
[Date "2004.09.04"]
[Round "1"]
[White "Braga, Gian Carlo"]
[Black "Bardi, Massimo"]
[Result "0-1"]
[WhiteElo "1461"]
[BlackElo "2076"]
[PlyCount "99"]
[EventDate "2004.09.04"]

1. e4 c5 2. Nf3 d6 3. d4 cxd4 4. Nxd4 Nf6 5. Nc3 g6 6. Bd3 Bg7 7. Be3 O-O 8. f3
Nc6 9. Nb3 Be6 10. Rb1 Ne5 11. Be2 Nc4 12. Bf2 Nh5 13. Nd4 Qc8 14. O-O Nf4 15.
Bxc4 Bxc4 16. Re1 Be5 17. Nde2 Nxe2+ 18. Nxe2 Bxa2 19. Ra1 Bc4 20. c3 Bxe2 21.
Rxe2 a6 22. Be3 Qc6 23. Re1 Rfd8 24. Bg5 Rd7 25. f4 Qc5+ 26. Kh1 Bf6 27. Qg4
Rad8 28. f5 Be5 29. Qh4 f6 30. fxg6 hxg6 31. Be3 Qc4 32. Qg4 Kg7 33. Rad1 e6
34. Bd4 b5 35. Re3 Rh8 36. h3 Rf7 37. Bxe5 dxe5 38. Rg3 Rh6 39. Rdd3 f5 40.
exf5 Qxg4 41. Rxg4 exf5 42. Rgg3 f4 43. Rg4 Rf6 44. Rd7+ Kf8 45. Rg5 Rh5 46.
Rg4 e4 47. Kg1 e3 48. Kf1 f3 49. Rg3 e2+ 50. Kf2 0-1

[Event "IX Festival A"]
[Site "Cesenatico ITA"]
[Date "2004.09.04"]
[Round "1"]
[White "Carola, Paolo"]
[Black "Tomescu, Vlad"]
[Result "0-1"]
[WhiteElo "2053"]
[BlackElo "2397"]
[PlyCount "64"]
[EventDate "2004.09.04"]

1. e4 c5 2. f4 Nc6 3. Nf3 e6 4. Bb5 Nge7 5. Nc3 a6 6. Bxc6 Nxc6 7. O-O Be7 8.
b3 O-O 9. Bb2 d6 10. Qe1 f6 11. Qg3 b5 12. Rae1 Re8 13. f5 b4 14. Nd1 exf5 15.
exf5 Bb7 16. Ne3 Ne5 17. Nxe5 dxe5 18. Nc4 Bd6 19. Re3 Bc7 20. Qh4 Qd7 21. Rh3
h6 22. Qg4 Kf8 23. Qg6 Qf7 24. Qh7 Rad8 25. d3 e4 26. Bc1 exd3 27. cxd3 Re2 28.
Rf2 Re1+ 29. Rf1 Qd5 30. Qh8+ Kf7 31. Ne3 Rxf1+ 32. Kxf1 Qxd3+ 0-1

[Event "IX Festival A"]
[Site "Cesenatico ITA"]
[Date "2004.09.04"]
[Round "1"]
[White "Cioara, Andrei Nestor"]
[Black "Novotny, Michal"]
[Result "1-0"]
[WhiteElo "2373"]
[BlackElo "2197"]
[PlyCount "93"]
[EventDate "2004.09.04"]

1. d4 d5 2. c4 e6 3. g3 Nf6 4. Bg2 c6 5. Nf3 Nbd7 6. O-O Be7 7. Nc3 O-O 8. Bf4
Ne4 9. Rc1 f5 10. Ne5 Nxc3 11. Rxc3 Bf6 12. Qb3 Qb6 13. cxd5 Qxb3 14. Rxb3 Bxe5
15. dxc6 Bxf4 16. cxd7 Bg5 17. dxc8=Q Raxc8 18. Rxb7 Rf7 19. Rxf7 Kxf7 20. e3
Rc2 21. Rb1 a5 22. Bf3 Be7 23. h4 h6 24. h5 Kf6 25. Kf1 e5 26. dxe5+ Kxe5 27.
a3 Kf6 28. Be2 g6 29. hxg6 Kxg6 30. b4 axb4 31. axb4 Bf6 32. g4 Rb2 33. Rxb2
Bxb2 34. Bd3 Kf6 35. Bxf5 h5 36. Bc8 h4 37. f4 Ba3 38. b5 Bc5 39. Ke2 Bb6 40.
g5+ Kg6 41. Kf3 Ba7 42. e4 Bb6 43. Kg4 Bf2 44. f5+ Kf7 45. e5 Bg3 46. e6+ Kg7
47. f6+ 1-0

[Event "IX Festival A"]
[Site "Cesenatico ITA"]
[Date "2004.09.04"]
[Round "1"]
[White "Costantini, Laura"]
[Black "Skembris, Spyridon"]
[Result "0-1"]
[WhiteElo "2068"]
[BlackElo "2434"]
[PlyCount "120"]
[EventDate "2004.09.04"]

1. e4 c6 2. d4 d5 3. Nc3 dxe4 4. Nxe4 Nf6 5. Nxf6+ gxf6 6. Nf3 Bf5 7. Bd3 Nd7
8. Bf4 e6 9. Bxf5 Qa5+ 10. Qd2 Qxf5 11. O-O-O O-O-O 12. Kb1 Nb6 13. Bg3 h5 14.
Qf4 Qxf4 15. Bxf4 h4 16. h3 Bd6 17. Bxd6 Rxd6 18. Rhe1 f5 19. Ne5 Rh7 20. c4
Rd8 21. b3 Rg8 22. Rg1 Rhg7 23. Rd2 Nd7 24. Nf3 Rxg2 25. Rxg2 Rxg2 26. Nxh4 Rh2
27. Nf3 Rh1+ 28. Kc2 f6 29. h4 Nf8 30. Re2 Rh3 31. Re3 f4 32. Rd3 Ng6 33. Ne5
Rxd3 34. Nxd3 Nxh4 35. Nxf4 Kd7 36. Nd3 b6 37. f4 Kd6 38. Kc3 Nf5 39. a4 Ng3
40. Kd2 c5 41. dxc5+ bxc5 42. a5 Kc6 43. Kc2 Ne4 44. Kb2 Kd6 45. Ka3 e5 46.
fxe5+ fxe5 47. b4 cxb4+ 48. Kxb4 a6 49. Ka3 Nc5 50. Nb4 e4 51. Kb2 Ke5 52. Kc3
Kf4 53. Nd5+ Kf3 54. Kb4 e3 55. Nxe3 Nd3+ 56. Kc3 Kxe3 57. c5 Nxc5 58. Kc4 Nb7
59. Kd5 Nxa5 60. Kc5 Nb7+ 0-1

[Event "IX Festival A"]
[Site "Cesenatico ITA"]
[Date "2004.09.04"]
[Round "1"]
[White "Cottarelli, Franco"]
[Black "Anceschi, Vittorio"]
[Result "0-1"]
[WhiteElo "1942"]
[BlackElo "2261"]
[PlyCount "78"]
[EventDate "2004.09.04"]

1. e4 g6 2. Nc3 Bg7 3. Bc4 c6 4. f4 d5 5. exd5 b5 6. Bb3 b4 7. Ne4 cxd5 8. Ng3
Nf6 9. Qe2 a5 10. a3 Ba6 11. d3 O-O 12. Nf3 Nbd7 13. axb4 axb4 14. O-O Nc5 15.
Nd4 Qd7 16. Bd2 Nfe4 17. Be3 Nxg3 18. hxg3 Rfc8 19. f5 Nxb3 20. Nxb3 d4 21. Bf4
gxf5 22. Rac1 Bb7 23. Bd2 e6 24. g4 fxg4 25. Qxg4 f5 26. Qg3 Kh8 27. Rf2 Bd5
28. Na1 Bf6 29. Bxb4 Rg8 30. Qh3 Rg4 31. c4 dxc3 32. Bxc3 Bxc3 33. bxc3 Rag8
34. Rcc2 Qa7 35. d4 Qxa1+ 36. Kh2 Qa6 37. Qh6 R4g6 38. Qf4 Qb7 39. Qe5+ Qg7 0-1

[Event "IX Festival A"]
[Site "Cesenatico ITA"]
[Date "2004.09.04"]
[Round "1"]
[White "Dallaglio, Giovanni"]
[Black "Roeder, Matthias"]
[Result "0-1"]
[WhiteElo "2057"]
[BlackElo "2431"]
[PlyCount "38"]
[EventDate "2004.09.04"]

1. d4 Nf6 2. Nf3 e6 3. c4 b6 4. e3 Bb7 5. Bd3 Bb4+ 6. Nbd2 O-O 7. O-O d5 8. a3
Be7 9. b3 c5 10. Bb2 cxd4 11. exd4 Nc6 12. Re1 Re8 13. Rc1 Rc8 14. b4 dxc4 15.
Nxc4 a6 16. Nce5 b5 17. Ng5 Qd5 18. Bxh7+ Nxh7 19. Nxh7 Nxe5 0-1

[Event "IX Festival A"]
[Site "Cesenatico ITA"]
[Date "2004.09.04"]
[Round "1"]
[White "Di Caro, Calogero"]
[Black "Bossoni, Mario"]
[Result "1-0"]
[WhiteElo "2322"]
[BlackElo "2009"]
[PlyCount "29"]
[EventDate "2004.09.04"]

1. Nf3 d5 2. d4 Nf6 3. c4 e6 4. Nc3 Be7 5. Bf4 O-O 6. e3 c5 7. dxc5 dxc4 8.
Bxc4 Bxc5 9. O-O a6 10. Bd3 Nbd7 11. e4 h6 12. e5 Nd5 13. Nxd5 exd5 14. Bb1 Nb6
15. Qc2 1-0